000 00505nam a2200205Ia 4500
003 GCL
008 140319s9999 xx 000 0 eng d
040 _aGCL /
_cGCL
082 0 4 _a822
_bK A
100 1 _aKIRKUP, JAMES
245 1 0 _aTHE AFRICAN CHILD /
_cKIRKUP, JAMES
700 1 _aPLOMER, WILLIAM
260 _a[S.N] :
_bFONTANA BOOKS ،
_c1960
300 _a159 P
650 0 4 _aENGLISH LITERATURE
650 0 4 _aLITERATURE
650 0 4 _aENGLISH FICTION
650 0 4 _aFICTION
942 _2ddc
_cBK
999 _c12039
_d12039